Marianela de Vasconcelos (Registo nº 1533)

Detalhes MARC
000 -Etiqueta do registo
Cabeçalho 00718nam0a2200253 4500
005 - Identificador da versão
Campo de controlo 20240823114952.0
021 ## - Número do Depósito Legal
Código do país PT
Número 288578/09
100 ## - Dados gerais de processamento
Dados gerais de processamento 20150812d2009 a y0pory5003 ba
101 0# - Língua de publicação
Língua do texto, banda sonora, etc. Português
102 ## - Pais de publicação ou produção
País de publicação Portugal
200 1# - Titulo e menção de responsabilidade
Título próprio Marianela de Vasconcelos
Informação de outro título um olhar a cores
Primeira menção de responsabilidade Tânia Vasconcelos
205 ## - Menção da edição
Menção da edição 1ª ed
210 ## - Publicação, Distribuição, etc. 
Lugar da edição, distribuição, etc. Loulé
Nome do editor, distribuidor, etc. Lions Clube
Data da publicação, distribuição, etc. 2009
215 ## - Descrição física 
Indicação específica da natureza do documento e extensão da espécie 152 p.
Outras indicações físicas fot., quadros
305 ## - Notas relativas à edição e história bibliográfica da publicação 
Texto da nota Edição bilíngue
606 ## - Nome comum usado como assunto
Número de registo de entrada de autoridade 0002425
Palavra de ordem Vasconcelos, Marianela de
Subdivisão de assunto Biografias
Código do sistema CA
Número de registo de entrada de autoridade 0002426
Palavra de ordem Pintura
Código do sistema CA
675 ## - Classificação Decimal Universal (CDU)
Notação 929Vasconcelos, Marianela de
Edição 3ª ed.
Língua da edição por
Notação 75
Edição 3ª ed.
Língua da edição por
700 #0 - Nome de autor-pessoa física (responsabilidade principal)
Número de registo de entrada de autoridade 0002429
Palavra de ordem Vasconcelos
Outra parte do nome não tomada para palavra de ordem Tânia
942 ## - Elementos de entrada adicionados (Koha)
Tipo de item no Koha Livro
966 ## - Identificação da Biblioteca
Sigla EB2,3ENM
Exemplares
Situação do levantamento Origin of item (home branch) (coded) Biblioteca de empréstimo Código de barras Cota Circulation type (not for loan) Tipo de documento Nota do exemplar Damaged status
  Biblioteca Escolar Eng. Nuno Mergulhão Biblioteca Escolar Eng. Nuno Mergulhão BENM3666 92VAS VAS   Livro Sem mensagem